| 000 | 00739nam a22001937a 4500 | ||
|---|---|---|---|
| 999 |
_c59664 _d59664 |
||
| 005 | 20230330143343.0 | ||
| 008 | 230330s2002 enk||||| |||| 00| 0 eng d | ||
| 020 | _a9781853027635 | ||
| 041 | _aeng | ||
| 080 | _a364 L-44 | ||
| 245 |
_aLearning to Practise Social Work: _bInternational Approaches / _cEdited Shardlow, Steven M. and Doel, Mark. |
||
| 264 |
_aLondon : _bJessica Kingsley Publishers, _c2002. |
||
| 300 |
_a272 p. _b24 cm. |
||
| 653 | _aსოციალური სამსახური | ||
| 653 | _aსაერთაშორისო მიდგომები | ||
| 700 |
_aShardlow, Steven M. _eრედაქტორი _917375 |
||
| 700 |
_aDoel, Mark _eრედაქტორი _917295 |
||
| 942 |
_2udc _cBK |
||